000 00295nam a22001337a 4500
008 181017b xxu||||| |||| 00| 0 eng d
020 _a9780130941558
041 _aeng
080 _a610
100 _a4
101 _aNUR
245 _aGeronntological Nursing
_cTabloski.P.A
942 _2udc
_cBK
999 _c50079
_d50079